00705nam a2200217Ia 4500003000900000008004100009040001300050040001300063041000800076100002100084245008900105250000900194260002300203260000900226300001100235300001200246490000600258942000700264999001700271952019900288IT-RoPAU120407s9999 xx 000 0 und d aIT-RoPAU cIT-RoPAU aita aGiuseppe Damizia aLineamenti di diritto canonico nel “Registrum Epistolarum” di S. Gregorio Magno. aRoma aAteneo Lateranense c1949 a205 p. c24,5 cm v1 cBK c28538d28538 00102ddc406262_700000000000000_971aPAULUSbPAULUSd2012-04-11l0o262.7.9r2012-04-11 00:00:00w2012-04-11yBKzInserito da: Mario In data: 06 agosto 2011 fondo: Via A.Severo 56 Progr:24693